000 00282nam a22001217a 4500
008 181030b xxu||||| |||| 00| 0 eng d
041 _aeng
080 _25 ED
_a316
100 _a35
101 _aSHK
245 _aCase WORK A Psychosocial Therapy
_cWoods.M.E
942 _2udc
_cBK
999 _c51162
_d51162